Statistiques concernant Liste Ballon d’or 2022

Cliquez ici pour prendre le quiz!

Statistiques générales

  • Ce quiz a été pris 94 fois
  • Le résultat moyen est 15 sur 30

Statistiques - réponses

Réponse% Correct
Karim Benzema
100%
Kylian Mbappé
95%
Cristiano Ronaldo
88%
Kevin De Bruyne
86%
Erling Haaland
85%
Robert Lewandowski
85%
Son Heung-Min
81%
Mohammed Salah
79%
Vinícius Júnior
79%
Sadio Mané
77%
Luka Modrić
76%
Thibaut Courtois
71%
Harry Kane
57%
Virgil van Dijk
55%
Bernardo Silva
40%
Casemiro
37%
Joshua Kimmich
30%
Phil Foden
30%
Riyad Mahrez
30%
Rafael Leão
27%
Trent Alexander-Arnold
27%
Antonio Rüdiger
24%
Mike Maignan
20%
Darwin Núñez
17%
Fabinho
17%
Christopher Nkunku
13%
Dušan Vlahović
12%
João Cancelo
12%
Luis Díaz
12%
Sébastien Haller
11%

Distribution des résultats

Percentile par nombre de réponses

% des personnes avec chaque résultat

Votre développement - résultats

Vous n’avez pas pris ce quiz